000 01468nam a2200409 i 4500
001 196592
003 ES-MaACL
005 20251009201248.0
007 ta
008 24100 s1990 it | |||| 000 0 spa
035 _a(OCoLC)733833657
035 _a(SpMaBN)a4654981
035 _a991019260259708606
040 _aSpMaBN
_bspa
_cSpMaBN
_erdc
_dES-MaACL
080 _a005.745
080 _a(062.552)
245 1 0 _aDesde el mirador /
_cedición, Pablo Luis Ávila
246 _aConvegno Internazionale Antonio Machado
260 _a[Torino :
_bUniversità di Torino, Facoltà di Magistero],
_c1990.
300 _a[32] p.;
_bil. n. ;
_c24 cm
336 _aTexto (visual)
_2rdacontent
337 _asin mediación
_2rdamedia
338 _2rdacarrier
_avolumen
546 _aTexto en español e italiano
594 _aEn el lomo: notiziario dell'Anno Machadiano 1-2
600 0 _aMachado, Antonio,
_d1875-1939-
_vCongresos y asambleas
_9239094
650 4 _916177
_aPoesía española-
_yS.XX
655 7 _2tgfbne
_9226850
_aHomenajes
700 1 _aÁvila, Pablo Luis,
_d1932-
_9143824
_eedt
852 _aES-MaACL
_cDEPOF
_jFOLL-BUE-55
_hLegado: Antonio Buero Vallejo
_9204311
903 _932421
_aBuero Vallejo, Antonio,
_q1
_d1916-2000
_ednr
942 _n0
_cFOLLETOS
999 _c196592
_d196592